Derecho ex cathedra 1847-1936 Diccionario de catedrt̀icos espaǫles /

Detalles Bibliográficos
Autor principal: Petit, Carlos
Formato: eBook
Lenguaje:español
Publicado: Madrid: Dykinson, 2019
Materias:
Acceso en línea:Acceso restringido

MARC

LEADER 00000nam a22000007a 4500
005 20200521221040.0
007 cr|||| ||||
008 200521s2019 es |||||s|||| 00||0 spa d
020 |a 978-84-1324-445-7 
035 |a 31407 
040 |a vLex 
090 |c 10367  |d 10367 
100 1 |a Petit, Carlos 
245 1 0 |a Derecho ex cathedra 1847-1936  |h [Recurso electrn̤ico] :  |b Diccionario de catedrt̀icos espaǫles /  |c Carlos Petit 
256 |a Servicio en ln̕ea 
260 |a Madrid:  |b Dykinson,  |c 2019 
300 |a 1 recurso electrn̤ico 
506 1 |a Disponible solo en los productos indicados  |d vLex Global  |d vLex Global (Academic Edition, excluding Law Schools)  |d vLex Global (U.S. Academic Edition, Law Schools)  |d vLex Global (U.S. Academic Edition, excluding Law Schools)  |d vLex Global (Academic Edition, Law Schools) 
650 0 4 |a Derecho Militar  |z Espaą 
740 0 |a vLex Libros (Servicio en ln̕ea) 
856 4 0 |u http://vlex.com/source/derecho-ex-cathedra-1847-1936-diccionario-catedraticos-espa-oles-31407  |z Acceso restringido 
942 |c BOOK 
999 0 |a Military Law